| 000 | 00510nam a2200193 a 4500 | ||
|---|---|---|---|
| 001 | 1770806977957 | ||
| 003 | YourLibrary | ||
| 005 | 20260211162327.0 | ||
| 008 | 260211s2006##################000#0#eng## | ||
| 020 | _a9781844071265 | ||
| 082 | 0 | 4 |
_a333.794 _bMAL |
| 100 | 1 |
_aMallon, Karl, _eauthor. |
|
| 245 | 1 | 0 | _aRenewable Energy Policy and Politics : |
| 260 |
_bEarthscan, _c2006. |
||
| 300 | _a289 pages | ||
| 650 | 0 | _aBusiness & Economics. | |
| 942 | _cENGLISH | ||
| 040 |
_aYourLibrary _beng _cYourLibrary |
||
| 999 |
_c611829 _d611829 |
||